| 000 | 01890nam a2200337 c 4500 | ||
|---|---|---|---|
| 999 |
_c96567 _d96567 |
||
| 003 | BLK | ||
| 005 | 20230518112456.0 | ||
| 008 | 180409b bul|||||r ||||||| ||bul|| | ||
| 010 | _aKNG00101467000 | ||
| 020 | _a954-459-927-4 | ||
| 040 | _aBLK | ||
| 041 |
_aBUL _cBUL |
||
| 080 |
_aПриродна среда и опасност от нарушаване на равновесието в нея(в цялост)-Фактори, влияещи на равновесието;опасност за природната среда от страна на селското стопанство и промишлеността (освен замърсяв _b502.5 _x(035) _z502.5(035) |
||
| 100 | 1 |
_aНюсън, Джойс Е. _eпърви автор _9104054 |
|
| 139 |
_aНюсън, Джойс Е. _bН 98 |
||
| 245 | 1 | 0 |
_aПриродните бедствия _bДетска енциклопедия _cДжойс Е. Нюсън; прев. от итал. Елица Делчева-Владимирова. |
| 257 | _aITA | ||
| 260 |
_bХермес _c2002 _fПловдив : Полиграфюг _aСофия |
||
| 300 |
_a32 с. _c26 см |
||
| 380 | _a5 | ||
| 490 | 1 | _aДетска енциклопедия Да научим повече за... | |
| 500 | _aПрев. по Disastir / Joycce E. Newson. - Авт. не е отбелязан на кор. ; Други ил. Н. Фалескини, А. Мескини, А. Маранди, А. Кантучи, И. Сталио. - Предм. показалец. | ||
| 650 | 4 |
_aПриродни бедствия _9260341 |
|
| 653 | _aприродни бедствия | ||
| 700 | 1 |
_aДелчева-Владимирова, Елица _eпрев. от итал. _9306845 |
|
| 852 | _aЦб ІІ 11588 | ||
| 856 | 4 | _qpdf | |
| 856 | 4 | _qpdf | |
| 942 |
_cKNG _n0 _06 _s1 |
||
| 944 |
_aCR _c01.01.2002 _kЦветанка_Енчева |
||
| 944 |
_aED _c15.12.2004 |
||
| 999 | _d96567 | ||